000 00316nam a22001217a 4500
008 250605b |||||||| |||| 00| 0 eng d
050 _aQL 958
_b.L 88
100 _aLVTZ H.
245 _aInvertebrate orans culture
260 _aNew York
_bGordon and breach science publishers
_c1994
300 _a234p
942 _cBK
999 _c3813
_d3813